000 00483nam a2200145Ia 4500
008 231129s1998||||xx |||||||||||||| ||spa||
020 _a958-20-0439-8
040 _bspa
082 _a370.78072 S211f
100 _aSánchez Gamboa Silvio
245 0 _aFundamentos para la investigación educativa: Presupuestos epistemológicos que orientan al investigador
260 _c1998
264 _aCooperativa Editorial Magisterio
942 _2ddc
_cBKS
999 _c14300
_d14300